Finančné trhy pre začiatočníkov

Leasing ako osobitná forma získavania a financovania tovaru. Princíp leasingu. Operatívny leasing. Finančný leasing. Charakteristické črty finančného leasingu. Leasingové operácie. Uzatvorenie leasingovej zmluvy. Výhody a nevýhody leasingu. Príklad na podmienky leasingu v leasingovej spoločnosti. Pr...

Descrizione completa

Salvato in:
Dettagli Bibliografici
Autore principale: Pilch, Ctibor, 1957-
Natura: Capitolo di libro
Lingua:slovacco
Soggetti:
Tags: Aggiungi Tag
Nessun Tag, puoi essere il primo ad aggiungerne!!

MARC

LEADER 00000nla$a2200000$$$4500
001 0046309
005 20240502071533.9
041 0 |a slo 
044 |a SK 
245 1 0 |a Finančné trhy pre začiatočníkov  |c Ctibor Pilch 
520 |a Leasing ako osobitná forma získavania a financovania tovaru. Princíp leasingu. Operatívny leasing. Finančný leasing. Charakteristické črty finančného leasingu. Leasingové operácie. Uzatvorenie leasingovej zmluvy. Výhody a nevýhody leasingu. Príklad na podmienky leasingu v leasingovej spoločnosti. Príklad na podklady, ktoré musí žiadateľ o leasing predložiť. 
610 2 0 |a lízing 
610 2 0 |a prenájom zmluvný 
610 2 0 |a zmluvy obchodné 
610 2 0 |a lízing finančný 
610 2 0 |a lízing operatívny 
100 1 |a Pilch, Ctibor, 1957-